Thể tài lịch sử trong tiểu thuyết trung đại Việt Nam qua Nam triều công nghiệp diễn chí, Hoàng Lê nhất thống chí, và Hoàng Việt long hưng chí

Tiểu thuyết thể tài lịch sử - Nét đặc sắc của văn xuôi trung đại Việt Nam; Diện mạo lịch sử dân tộc qua Nam triều công nghiệp diễn chí, Hoàng Việt long hưng chí; Nét đặc sắc của nghệ thuật tiểu thuyết Nam triều công nghiệp diễn chí, Hoàng Lê nhất thống chí, Hoàng Việt long hưng chí......

Mô tả đầy đủ

Đã lưu trong:
Chi tiết về thư mục
Tác giả chính: Lã Thị Năm
Tác giả khác: Nguyễn Phong Nam PGS.TS (Hướng dẫn)
Định dạng: Sách
Được phát hành: Đà Nẵng Đại học Đà Nẵng 2012
Những chủ đề:
Các nhãn: Thêm thẻ
Không có thẻ, Là người đầu tiên thẻ bản ghi này!
Thư viện lưu trữ: Mạng thư viện Đại học Đà Nẵng
LEADER 01938nam a2200313 4500
001 000017726
003 14152
005 20130830160808.0
008 130522s2012 sd
082 |a 895.92231  |b LA-N 
100 |a Lã Thị Năm 
245 |a Thể tài lịch sử trong tiểu thuyết trung đại Việt Nam qua Nam triều công nghiệp diễn chí, Hoàng Lê nhất thống chí, và Hoàng Việt long hưng chí  |c Lã Thị Năm ; Nguyễn Phong Nam hướng dẫn.  |k Luận văn Thạc sĩ 
260 |a Đà Nẵng  |b Đại học Đà Nẵng  |c 2012 
300 |a 128 tr.  |c 29 cm.  |e Đĩa CD, tài liệu tóm tắt 
500 |a Luận văn thạc sĩ Khoa học xã hội và nhân văn. Chuyên ngành : Văn học Việt Nam. Mã số: 60.22.34. 
520 |a Tiểu thuyết thể tài lịch sử - Nét đặc sắc của văn xuôi trung đại Việt Nam; Diện mạo lịch sử dân tộc qua Nam triều công nghiệp diễn chí, Hoàng Việt long hưng chí; Nét đặc sắc của nghệ thuật tiểu thuyết Nam triều công nghiệp diễn chí, Hoàng Lê nhất thống chí, Hoàng Việt long hưng chí... 
650 0 4 |a Tiểu thuyết Việt Nam  |v Luận văn tốt nghiệp  |x Nghiên cứu  |y Thời kỳ trung đại 
653 |a Hoàng Lê nhất thống chí  |a Văn học Việt Nam.  |a Hoàng Việt long hưng chí  |a Tiểu thuyết Việt Nam 
700 |a Nguyễn Phong Nam  |c PGS.TS  |e Hướng dẫn 
OWN |a LSP 
AVA |a UDN50  |b LSP  |d 895.92231 LA-N  |e available  |t Error 5001 Not defined in file expand_doc_bib_avail.  |f 1  |g 0  |h N  |i 0  |k 1 
999 |a From the UDN01 
AVA |a UDN50  |b LSP  |d 895.92231 LA-N  |e available  |t Error 5001 Not defined in file expand_doc_bib_avail.  |f 1  |g 0  |h N  |i 0  |k 1 
TYP |a Monograph 
TYP |a Printed language 
980 |a Mạng thư viện Đại học Đà Nẵng